| 000 | 01192nem0a2200313 4500 | ||
|---|---|---|---|
| 001 | RU\NLR\cart\7798 | ||
| 005 | 20250614031109.0 | ||
| 035 | _a(NLR Aleph) 010295378 | ||
| 090 |
_a10568820 _c10568820 |
||
| 100 | _a20121023d2002 |||y0rusy50 ca | ||
| 101 | 0 | _arus | |
| 102 | _aRU | ||
| 120 | _abyy xx|| | ||
| 123 | 1 |
_aa _b6 500 000 |
|
| 200 | 1 |
_aЭкологические проблемы России _bКарты _eГеография _eУчебное пособие _fСост. и подгот. к изд. ООО "изд-вом ДИК" _gРед. С.А. Фролова |
|
| 206 | _a1:6 500 000, 65 км в 1 см | ||
| 210 |
_aМосква _cДИК _d2010 |
||
| 215 |
_a2 к. (1 л.) _cцв. _d100х140 см |
||
| 300 | _aНа обороте л.: Европа.- 1:5 000 000 | ||
| 309 | _aДвусторон. печать | ||
| 509 | 0 | 1 |
_7ca _aРоссийская Федерация _92633320 _3RU\NLR\auth_crt\55137 |
| 606 | 0 |
_aЭкологические _92177818 _3RU\NLR\auth_crt\6648 |
|
| 620 | _aРоссия | ||
| 702 | 1 |
_aФролова _bС. А. _4340 |
|
| 801 | 0 |
_aRU _bNLR _c20121023 _gPSBO |
|
| 852 |
_aNLR _bК _j4-Евр 4/1051 _m04-18 |
||
| 942 | _cMAP | ||
| 980 | _aNB | ||